000 01199nam a22003497a 4500
003 CHAP
005 20220817041936.0
008 971013s1960 r 00010 d
010 _a29509
011 _a30481
035 _a34593
040 _cCHAP
090 _aTesis
100 0 0 _aLeuze Gasaubon, Edmée Gabriela.
_966399
245 _aDeterminación de la distribución de longitud de cadena de la celulosa contenida en una parénquima de bagazo de caña de azúcar de origen nacional
260 _aMéxico, D.F. :
_bEl autor,
_c1960
300 _a70 p.
_b: ilus.
502 _aTesis (Químico) -- UNAM. Escuela Nacional de Ciencias Químicas
590 _aALEPH
_b10
_c20130110
_lUCH01
_h1251
590 _aBATCH-UPD
_b10
_c20130110
_lUCH01
_h0030
590 _aBATCH-UPD
_b10
_c20130110
_lUCH01
_h1454
590 _aBATCH-UPD
_b10
_c20130409
_lUCH01
_h2012
590 _aBATCH-UPD
_b10
_c20130410
_lUCH01
_h0919
590 _aBATCH-UPD
_b10
_c20130914
_lUCH01
_h0520
590 _aCONVERSION
_b10
_c20130109
_lUCH01
_h1317
650 1 4 _aBagazo.
_99395
650 1 4 _aCaña de azúcar.
650 1 4 _aCelulosa.
_920915
901 _aBK
942 _cTESIS
949 _bBC
_cTES
_d-80032
_eTS1
_i34593
_si
999 _c29509
_d29509